000 01224nam a2200229Ia 4500
003 Ost
005 20260507075639.0
008 260507s9999||||xx |||||||||||||| ||und||
020 _a9770304247
040 _cfsecg
041 _aara
082 _a347.05
100 _aالمنجى، محمد
_eمؤلف
245 0 _aدعوى بطلان العقود :
_bالإخلال بركن من أركان العقد ومراحل الدعوى من تحرير الصحيفة الى الطعن بالنقص /
_c محمد المنجى
260 _aالإسكندرية:
_bمنشأة المعارف,
_c1998
300 _a699 صفحة؛
_c23 سم
520 _aاجراءات رفع الدعوى،المحكمة المختصة برفع الدعوى،الأساس القانوني للدعوى،أنواع وخصائص البطلان ،الإخلال بركن الرصوركن المحل-آثار العقد الباطل ،الإجازة ،تحويل العقد،انتقالص العقد،الحكم التمهبدي والإبتدائي والإستنافي في الدعوى ،مرحلة الطعن
653 _aالدعوى القضائية
653 _aالعقود
653 _aبطلان العقود
942 _cكتاب
999 _c45352
_d45352